000 00334nam a2200121Ia 4500
008 170224s9999 xx 000 0 und d
245 _aFew U.S. schools of nursing on campuses with smoke-free policies: A Call for Action
260 _bNursing Outlook
260 _c2016
300 _a64:3
500 _aMay-June
650 _xNursing.
999 _c317044
_d317044